000
00455nam a2200169Ia 4500
008
090711s9999 xx 000 0 und d
082
_b
66498
100
_a
गुंदेकर श्रीराम
245
_a
उSाल
260
_c
1990
300
_a
165
600
_a
गुंदेकर श्रीराम
630
_a
उSाल
700
_a
गुंदेकर श्रीराम
730
_a
उSाल
942
_c
BOOK
999
_c
310770
_d
310770